Základné sociálno-ekonomické charakteristiky nových krajov a okresov Slovenska. 12
Porovnanie základných charakteristík okresov a krajov Slovenska. Žilinský kraj - fyzickogeografická charakteristika, situácia hospodárska, situácia sociálna, obyvateľstvo, sídla.
Saved in:
| Main Author: | |
|---|---|
| Format: | Book Chapter |
| Language: | Slovak |
| Subjects: | |
| Tags: |
No Tags, Be the first to tag this record!
|
MARC
| LEADER | 00000naa a2200000 4500 | ||
|---|---|---|---|
| 001 | r026165 | ||
| 005 | 20230921080443.0 | ||
| 041 | 0 | |a slo | |
| 044 | |a SK | ||
| 245 | 1 | 0 | |a Základné sociálno-ekonomické charakteristiky nových krajov a okresov Slovenska. 12 |c M. Rajčák |
| 520 | |a Porovnanie základných charakteristík okresov a krajov Slovenska. Žilinský kraj - fyzickogeografická charakteristika, situácia hospodárska, situácia sociálna, obyvateľstvo, sídla. | ||
| 610 | 2 | 0 | |a členenie územné administratívne |
| 610 | 2 | 0 | |a kraje |
| 610 | 2 | 0 | |a okresy |
| 610 | 2 | 0 | |a zákony |
| 610 | 2 | 0 | |a Slovensko |
| 610 | 2 | 0 | |a Žilinský kraj |
| 610 | 2 | 0 | |a situácia hospodárska |
| 610 | 2 | 0 | |a situácia sociálna |
| 610 | 2 | 0 | |a obyvateľstvo |
| 100 | 1 | |a Rajčák, Milan | |